000 00270nam a22001097a 4500
008 170120b xxu||||| |||| 00| 0 eng d
020 _a087258433X
041 _aeng
080 _a618.2
245 _aRESOLING ETHICAL ISSUES IN HOSPITAL CARE
_cHOFMANN, P.B
942 _2udc
_cBK
999 _c3296
_d3296